Statistics for New York Islanders Roster 2022

Click here to take the quiz!

General Stats

  • This quiz has been taken 784 times
    (273 since last reset)
  • The average score is 15 of 23

Answer Stats

Pos, #BirthplacePlayer% Correct
F, 13British Columbia, CANMathew Barzal
97%
F, 27Minnesota, USAAnders Lee
90%
G, 30Kuzbass, RUSIlya Sorokin
86%
F, 29Minnesota, USABrock Nelson
85%
G, 40Samara, RUSSemyon Varlamov
83%
D, 8Prince Edward Island, CANNoah Dobson
78%
D, 3Ontario, CANAdam Pelech
77%
D, 6Manitoba, CANRyan Pulock
75%
F, 15Ontario, CANCal Clutterbuck
73%
F, 44Ontario, CANJean-Gabriel Pageau
72%
F, 12Ontario, CANJosh Bailey
70%
F, 17Ontario, CANMatt Martin
69%
F, 18Quebec, CANAnthony Beauvillier
68%
F, 53Ontario, CANCasey Cizikas
66%
D, 28Moskva, RUSAlexander Romanov
64%
F, 11Minnesota, USAZach Parise
63%
F, 21New York, USAKyle Palmieri
62%
D, 24Missouri, USAScott Mayfield
62%
F, 26Maine, USAOliver Wahlstrom
54%
F, 32Prince Edward Island, CANRoss Johnston
44%
D, 2Uusimaa, FINRobin Salo
42%
F, 20Minnesota, USAKieffer Bellows
31%
F, 41Sverdlovsk, RUSNikita Soshnikov
17%

Score Distribution

Percentile by Number Answered

Percent of People with Each Score

Your Score History

You have not taken this quiz since the last reset